[Event "Logumkloster op"]
[Site "Logumkloster"]
[Date "2022.03.22"]
[Round "2"]
[White "Beckovic, Dzano"]
[Black "Baagoe, Hans Chr"]
[Result "1-0"]
[WhiteElo "1649"]
[BlackElo "1633"]
[PlyCount "65"]
[EventDate "2022.03.22"]
[EventType "swiss"]
[EventRounds "7"]
[EventCountry "DEN"]
[SourceTitle "EXT 2024"]
[Source "ChessBase"]
[SourceDate "2023.10.10"]
[SourceVersion "1"]
[SourceVersionDate "2023.10.10"]
[SourceQuality "1"]

1. Nf3 d5 2. d4 Nf6 3. Nc3 e6 4. Bg5 Be7 5. e3 h6 6. Bh4 0-0 7. Bd3 Nc6 8. a3 Na5 9. Ne5 Nc6 10. f4 Nh7 11. Bxe7 Qxe7 12. Qf3 a6 13. h4 Bd7 14. g4 Nxe5 15. dxe5 g6 16. Kd2 Bc6 17. Raf1 Rad8 18. Kc1 d4 19. Ne4 dxe3 20. Qxe3 f5 21. exf6 Nxf6 22. Nxf6+ Rxf6 23. Rhg1 Qd6 24. g5 hxg5 25. hxg5 Rf5 26. Bxf5 exf5 27. Rd1 Qf8 28. Rxd8 Qxd8 29. Rd1 Qf8 30. Rd2 Qg7 31. Qe6+ Qf7 32. Rd8+ Kg7 33. Qe5+ 1-0

[Event "DEN-ch Seniors 50"]
[Site "Logumkloster"]
[Date "2020.02.11"]
[Round "3"]
[White "Beckovic, Dzano"]
[Black "Rosenberg, Jan"]
[Result "0-1"]
[WhiteElo "1691"]
[BlackElo "1865"]
[PlyCount "88"]
[EventDate "2020.02.09"]
[EventType "swiss"]
[EventRounds "7"]
[EventCountry "DEN"]
[SourceTitle "EXT 2021"]
[Source "ChessBase"]
[SourceDate "2020.10.23"]
[SourceVersion "1"]
[SourceVersionDate "2020.10.23"]
[SourceQuality "1"]

1. f4 c5 2. Nf3 d5 3. e3 Nc6 4. c3 a6 5. d4 e6 6. Nbd2 Nf6 7. Bd3 Be7 8. 0-0 0-0 9. Ng5 h6 10. Ngf3 b5 11. Ne5 Qc7 12. Bb1 Bd6 13. Qc2 Ne7 14. Ng4 Ne4 15. Nxe4 dxe4 16. Qxe4 f5 17. Nxh6+ gxh6 18. Qxa8 Bb7 19. Qxf8+ Kxf8 20. Bd2 Qc6 21. Rf2 c4 22. Bc2 Qb6 23. b3 cxb3 24. axb3 Qc6 25. Bd3 Ng8 26. c4 bxc4 27. Bxc4 Be7 28. Be1 Bh4 29. Bb4+ Kf7 30. Re2 Nf6 31. Rc1 Nd5 32. Bd2 Qb6 33. Kh1 Nf6 34. Rf1 Ne4 35. Bc1 a5 36. Ba3 Be7 37. Bc1 h5 38. Kg1 h4 39. Rc2 Nd6 40. Bd2 Ne4 41. Be1 Bf6 42. Ra2 Nd6 43. Bxa5 Qc6 44. Be2 Qxg2# 0-1